DEVELOPING early literacy O to 8 from theory to practice

Saved in:
Bibliographic Details
Format: Book
Language:English
Published: SAGE 2014
Tags: Add Tag
No Tags, Be the first to tag this record!

MARC

LEADER 00000nam a22000007a 4500
008 201216b ||||| |||| 00| 0 eng d
020 |a 978-1-4462-5533-9 
245 |a DEVELOPING early literacy O to 8  |b  from theory to practice  |c edited by Virginia Bower  |g . xvii, 202p., ill 
250 |c Bower, Virginia 
260 |b SAGE  |c 2014  |h Los Angeles  |i 692378   |i 692379  |l LB1139.5 .R43D49  |m Reading (Early Childhood)  |m Literacy 
500 |a It includes references and index” 
942 |a lcc  |c BK  |e O.A.JOHNSON  |f 16/12/20 
952 |0 0  |1 0  |2 lcc  |4 0  |6 LB11395 R43 D49  |7 0  |9 616  |a HOL  |b ED  |c LP  |d 2020-12-17  |o LB1139.5 .R43D49  |p 2020-22934  |r 2020-12-17 00:00:00  |w 2020-12-17  |y BK 
952 |0 0  |1 0  |2 lcc  |4 0  |6 LB11395 R43 D49  |7 0  |9 617  |a HOL  |b HOL  |c LP  |d 2020-12-17  |l 0  |o LB1139.5 .R43D49  |p 2020-22935  |r 2020-12-17 00:00:00  |w 2020-12-17  |y BK 
999 |c 339  |d 339